Population flactuations of aphis craccivora and liriomyza trifolii and their endoparasitoids on certain faba bean varieties (Record no. 43235)
[ view plain ]
| 000 -LEADER | |
|---|---|
| fixed length control field | 01889cab a2200301Ia 45 0 |
| 001 - CONTROL NUMBER | |
| control field | u188366 |
| 003 - CONTROL NUMBER IDENTIFIER | |
| control field | SIRSI |
| 008 - FIXED-LENGTH DATA ELEMENTS--GENERAL INFORMATION | |
| fixed length control field | 100619s2006 ua ss b eng d |
| 040 ## - CATALOGING SOURCE | |
| Original cataloging agency | EAL |
| 041 ## - LANGUAGE CODE | |
| Language code of text/sound track or separate title | eng |
| Language code of summary or abstract | ara |
| 090 ## - LOCALLY ASSIGNED LC-TYPE CALL NUMBER (OCLC); LOCAL CALL NUMBER (RLIN) | |
| Classification number (OCLC) (R) ; Classification number, CALL (RLIN) (NR) | ART AAS V51 No2 19 |
| 100 1# - MAIN ENTRY--PERSONAL NAME | |
| Personal name | Abdel-Samad, Salwa S.M. |
| 240 10 - UNIFORM TITLE | |
| Uniform title | Annals of agricultural science, 2006 v. 51 (2) |
| Medium | [electronic resource] |
| 245 10 - TITLE STATEMENT | |
| Title | Population flactuations of aphis craccivora and liriomyza trifolii and their endoparasitoids on certain faba bean varieties |
| Medium | [electronic resource]. |
| 246 15 - VARYING FORM OF TITLE | |
| Title proper/short title | تذبذب تعـداد من الفـول وصانعة أنفاق الأوراق وطفيلياتهما الداخلية على أصناف فول محددة. |
| 300 ## - PHYSICAL DESCRIPTION | |
| Extent | p.531-540. |
| 504 ## - BIBLIOGRAPHY, ETC. NOTE | |
| Bibliography, etc. note | Includes reference. |
| 520 ## - SUMMARY, ETC. | |
| Summary, etc. | Infestation by the aphid, Aphis craccivora and leafminer, Liriomyza trifolii (Burg) and its associated parasitoids on four faba bean Vicia faba varieties; Misr1, Misr2, Giza 40 and Giza 429 were studied at Shandawel, Sohag Governorate during 2004/05 and 2005/06 seasons. February and March were found to be the most important months for the rate of infestation by both pests. Susceptibility of faba bean varieties could be arranged (in both months) ascendingly according to the mean of infestation by aphids per plant as follows: Misr1 (40.6) and Misr2 (42.6) Giza40 (54.2) and Giza429 (58.7). Also, for leafminer the arrangement was Misr2 (18.2%), Giza429 (19.8%), Misr1 (23.9%) and Giza 40 (26.1%). |
| 546 ## - LANGUAGE NOTE | |
| Language note | Summary in Arabic. |
| 596 ## - | |
| -- | 1 |
| 650 #0 - SUBJECT ADDED ENTRY--TOPICAL TERM | |
| Topical term or geographic name entry element | Fava bean |
| General subdivision | Diseases and pests. |
| 650 #0 - SUBJECT ADDED ENTRY--TOPICAL TERM | |
| Topical term or geographic name entry element | Liriomyza trifolii |
| General subdivision | Biological control. |
| 700 1# - ADDED ENTRY--PERSONAL NAME | |
| Personal name | Ahmed, M.A. |
| 700 1# - ADDED ENTRY--PERSONAL NAME | |
| Personal name | Mostafa, F.F.M. |
| 700 1# - ADDED ENTRY--PERSONAL NAME | |
| Personal name | Okil, A.A.M. |
| 773 0# - HOST ITEM ENTRY | |
| Title | Annals of Agricultural Science. |
| Related parts | 2006.v.51(2) |
| International Standard Serial Number | 0570-1783 |
| Control subfield | nnas |
| Record control number | u157971 |
| 856 40 - ELECTRONIC LOCATION AND ACCESS | |
| Uniform Resource Identifier | <a href="http://nile.enal.sci.eg/EALE/2006/AAS/5106/2/531.pdf">http://nile.enal.sci.eg/EALE/2006/AAS/5106/2/531.pdf</a> |
| Public note | Full Text Article. |
| 942 ## - ADDED ENTRY ELEMENTS (KOHA) | |
| Koha item type | Articles |
| Source of classification or shelving scheme | Library of Congress Classification |
No items available.